Handbook of information computer and communications activities of major international organisations

Đã lưu trong:
Bibliografiske detaljer
Institution som forfatter: Organisation for Economic Co-operation and Development
Format: Bog
Sprog:Undetermined
Udgivet: Paris Organisation for Economic Co-operation and Development 1980
Fag:
Tags: Tilføj Tag
Ingen Tags, Vær først til at tagge denne postø!
Thư viện lưu trữ: Trung tâm Học liệu Trường Đại học Cần Thơ
LEADER 00695nam a2200193Ia 4500
001 CTU_83622
008 210402s9999 xx 000 0 und d
082 |a 060 
082 |b O.68 
110 |a Organisation for Economic Co-operation and Development 
245 0 |a Handbook of information computer and communications activities of major international organisations 
245 0 |c Organisation for Economic Co-operation and Development 
260 |a Paris 
260 |b Organisation for Economic Co-operation and Development 
260 |c 1980 
650 |a International agencies 
650 |x Information 
904 |i Qhieu(sửa) 
980 |a Trung tâm Học liệu Trường Đại học Cần Thơ